00694nam a2200193 a 450000500170000000800410001704000250005804100080008304400070009110000340009824501790013226000780031130000160038965000300040565000090043565000160044465000250046065000150048520191224041609.0140303b2000 ck |||||rm||| 00| 0 spa d aCO-BoIAVHcCO-BoIAVH aspa ack aBanguerra Hinestroza, Eugenia aDiferenciación genética en poblaciones del género Inia (Blainville, 1817) y aportes a su taxonomía por medio del análisis de la región D-loop del ADN mitocondrial aSantiago de CalibUniversidad del Valle. Departamento de Biologíac2000 a104 Paginas14aEcología de poblaciones14aInia14aTaxonomía14aBiología molecular14aGenética